000 00611nam a2200205Ia 4500
003 IN-BaIIA
008 211028s9999 xx 000 0 eng d
020 _a0-306-41854-1
040 _cIIA Library
080 _a539.1
_bAUT
245 0 _aAutoionization
_cedited by Aaron Temkin
260 _aNew York
_bPlenum Press
_c1985
300 _axiii, 261p.
490 _aPhysics of atoms and molecules
650 _aAstronomy and astrophysics thesaurus
650 _aAtomic physics
_91547
650 _aIonization
_915291
700 _aTemkin, Aaron, ed.
_97467
942 _cBK
999 _c9109
_d9109